00442nam a2200169Ia 4500003000400000008004100004040001600045082001600061100001900077245005200096260004200148300000800190650000900198650002600207650001100233650002800244GCL140319s9999 xx 000 0 eng d aGCL / cGCL04a709.96bW A1 aWILLETT, FRANK10aAFRICAN ART: AN INTRODUCTION / cWILLETT, FRANK a[S.N] : bTHAMES AND HUDSON ، c1993 a28804aARTS04aHISTORY AND CRITICISM04aAFRICA04aPAINTING - ILLUSTRATION